000 00505nam a2200145 a 4500
008 120416s1969 ||||||||||||||||| || u
020 _a9072620011
050 _aSB 951 Ale
100 _aAlebeek, F. A. N. Van
245 1 0 _aIntegrated pest management: a catalogue of training...
260 _aEde, The Netherlands
_bCTA
_c1969
300 _axii, 305p.
350 _a0.00
995 _D0.00
_FCBU-MAIN LIBRARY (Kitwe)
_H1
_I12.00
_M1
_UREFERENCE
_ZReference Collection
999 _c47134
_d47134